000 00702 a2200229 4500
005 20260317144433.0
008 260317b |||||||| |||| 00| 0 eng d
020 _a9789360620967 (pbk)
037 _cTB
040 _aCRL
_cCRL
041 _2URD
_aURD
084 _aO168,8x R5
_bTB
100 _aNaseemuddin Farees
_91116025
245 _aShagoofa ke idariye
260 _aNew Delhi, India:
_bEducational publishing house,
_c2025.
300 _a408p.
365 _b800.00
_cINR
650 _aUrdu Literature
650 _aUrdu Satire
942 _cTB
_2CC
_hO168,8x R5
999 _c1679756
_d1679756